[Event "O pohar mesta Ricany 2016"]
[Site "Kulturni centrum Labut, 17. Listopadu 214 25101 Ricany"]
[Date "2016.09.03"]
[Round "9.6"]
[White "Cerny, Martin"]
[Black "Skacel, Jan"]
[Result "1-0"]
[WhiteElo "2130"]
[BlackElo "2030"]
[PlyCount "0"]
[EventDate "2016.09.03"]

1. d4 d5 2. c4 e6 3. Nf3 c6 4. Qc2 Nf6 5. cxd5 exd5 6. Bg5 Nbd7 7. Nc3 h6 8. Bf4
Be7 9. e3 Nf8 10. Bd3 Ne6 11. Bg3 O-O 12. O-O a6 13. Rad1 Bd7 14. Qe2 c5 15. dxc5
Nxc5 16. Bb1 Qa5 17. Qc2 g6 18. Rxd5 Be6 19. Rd4 Qb6 {[%clk 0:24:58]} 20. Qd2
{[%clk 1:02:19]} Rfd8 {[%clk 0:20:22]} 21. Rd1 {[%clk 0:59:07]} Bg4
{[%clk 0:19:16]} 22. Bd6 {[%clk 0:42:23]} Bxd6 {[%clk 0:08:02]} 23. Rxd6
{[%clk 0:42:40]} Rxd6 {[%clk 0:08:20]} 24. Qxd6 {[%clk 0:43:06]} Qxd6
{[%clk 0:08:17]} 25. Rxd6 {[%clk 0:43:32]} Bxf3 {[%clk 0:06:56]} 26. gxf3
{[%clk 0:43:11]} Kg7 {[%clk 0:06:04]} 27. Kf1 {[%clk 0:42:46]} Rc8
{[%clk 0:06:07]} 28. Ke2 {[%clk 0:42:21]} Ne6 {[%clk 0:06:12]} 29. f4
{[%clk 0:38:21]} Rc5 {[%clk 0:06:18]} 30. Rb6 {[%clk 0:34:07]} Rh5
{[%clk 0:06:33]} 31. Rxb7 {[%clk 0:31:16]} Rxh2 {[%clk 0:06:57]} 32. b4
{[%clk 0:31:32]} h5 {[%clk 0:07:21]} 33. Bd3 {[%clk 0:31:53]} h4 {[%clk 0:07:37]}
34. Ne4 {[%clk 0:28:07]} Rh1 {[%clk 0:07:57]} 35. f5 {[%clk 0:24:04]} gxf5
{[%clk 0:06:24]} 36. Nd6 {[%clk 0:24:08]} Ne4 {[%clk 0:03:06]} 37. Nxf5+
{[%clk 0:23:52]} Kf6 {[%clk 0:03:04]} 38. Bxe4 {[%clk 0:24:16]} Ra1
{[%clk 0:03:30]} 39. Nxh4 {[%clk 0:24:19]} Rxa2+ {[%clk 0:02:47]} 40. Kf1
{[%clk 0:24:13]} a5 {[%clk 0:02:56]} 41. Bd5 {[%clk 0:23:43]} Ra1+
{[%clk 0:02:09]} 42. Kg2 {[%clk 0:23:58]} axb4 {[%clk 0:02:06]} 43. Bxe6
{[%clk 0:24:19]} Kg7 1-0

[Event "O pohar mesta Ricany 2016"]
[Site "Kulturni centrum Labut, 17. Listopadu 214 25101 Ricany"]
[Date "2016.09.03"]
[Round "9.7"]
[White "Voracek, Zdenek"]
[Black "Hanl, Frantisek"]
[Result "1-0"]
[WhiteElo "1977"]
[BlackElo "2116"]
[PlyCount "0"]
[EventDate "2016.09.03"]

1. d4 {[%clk 1:30:56]} Nf6 {[%clk 1:30:59]} 2. c4 {[%clk 1:31:02]} c5
{[%clk 1:31:27]} 3. d5 {[%clk 1:31:09]} b5 {[%clk 1:31:54]} 4. cxb5
{[%clk 1:31:05]} a6 {[%clk 1:32:22]} 5. e3 {[%clk 1:27:05]} axb5 {[%clk 1:31:51]}
6. Bxb5 {[%clk 1:27:02]} Bb7 {[%clk 1:30:43]} 7. Nc3 {[%clk 1:19:01]} Nxd5
{[%clk 1:26:27]} 8. Nxd5 {[%clk 1:13:45]} e6 {[%clk 1:26:33]} 9. Bc4
{[%clk 1:12:17]} exd5 {[%clk 1:23:42]} 10. Bxd5 {[%clk 1:11:47]} Bxd5
{[%clk 1:23:57]} 11. Qxd5 {[%clk 1:12:05]} Nc6 {[%clk 1:24:20]} 12. Bd2
{[%clk 1:08:54]} Be7 {[%clk 1:22:51]} 13. Ne2 {[%clk 1:07:19]} O-O
{[%clk 1:23:01]} 14. O-O {[%clk 1:03:11]} Qb6 {[%clk 1:18:15]} 15. Bc3
{[%clk 1:01:50]} Rfd8 {[%clk 1:17:53]} 16. Nf4 {[%clk 0:57:33]} Bf8
{[%clk 1:15:06]} 17. Rfd1 {[%clk 0:54:11]} Nb4 {[%clk 1:14:39]} 18. Qc4
{[%clk 0:51:35]} Qc6 {[%clk 1:10:51]} 19. a3 {[%clk 0:50:17]} d5 {[%clk 1:10:20]}
20. Qe2 {[%clk 0:49:26]} Na6 {[%clk 1:10:10]} 21. Rd2 {[%clk 0:47:16]} Nc7
{[%clk 1:09:59]} 22. Rad1 {[%clk 0:47:24]} Bd6 {[%clk 1:09:16]} 23. Qg4
{[%clk 0:41:23]} d4 {[%clk 1:08:22]} 24. exd4 {[%clk 0:40:53]} Bxf4
{[%clk 1:08:39]} 25. Qxf4 {[%clk 0:41:13]} Ne6 {[%clk 1:08:54]} 26. d5
{[%clk 0:38:08]} Rxd5 {[%clk 1:06:41]} 27. Qg3 {[%clk 0:37:18]} Rxd2
{[%clk 1:06:33]} 28. Rxd2 {[%clk 0:37:37]} Qe4 {[%clk 1:06:42]} 29. Qd3
{[%clk 0:36:03]} Qg4 {[%clk 1:04:48]} 30. Qf3 {[%clk 0:32:46]} Qa4
{[%clk 1:02:01]} 31. h3 {[%clk 0:30:49]} h6 {[%clk 1:01:58]} 32. Rd6
{[%clk 0:29:21]} Qa7 {[%clk 0:51:08]} 33. Qc6 {[%clk 0:25:15]} Rf8
{[%clk 0:49:30]} 34. Rd7 {[%clk 0:24:26]} Qb8 {[%clk 0:49:36]} 35. a4
{[%clk 0:22:42]} Qf4 {[%clk 0:49:32]} 36. Qd6 {[%clk 0:19:44]} Qg5
{[%clk 0:45:07]} 37. Qd5 {[%clk 0:17:29]} Qg6 {[%clk 0:45:17]} 38. a5
{[%clk 0:17:00]} Nf4 {[%clk 0:44:23]} 39. Qf3 {[%clk 0:16:41]} Qf5
{[%clk 0:44:37]} 40. Rc7 {[%clk 0:13:38]} Re8 {[%clk 0:41:35]} 41. a6
{[%clk 0:11:59]} Ne2+ {[%clk 0:40:56]} 42. Kh2 {[%clk 0:12:04]} Qe6
{[%clk 0:41:07]} 43. Qc6 {[%clk 0:07:59]} Nxc3 {[%clk 0:40:43]} 44. Qxe6
{[%clk 0:08:08]} Rxe6 {[%clk 0:40:39]} 45. a7 {[%clk 0:08:18]} Ra6
{[%clk 0:41:08]} 46. bxc3 {[%clk 0:08:33]} Kh7 {[%clk 0:41:22]} 47. Rxf7
{[%clk 0:08:25]} Kg6 {[%clk 0:41:50]} 48. Rc7 {[%clk 0:08:03]} Kf6
{[%clk 0:42:13]} 49. Rc6+ {[%clk 0:08:18]} 1-0

[Event "O pohar mesta Ricany 2016"]
[Site "Kulturni centrum Labut, 17. Listopadu 214 25101 Ricany"]
[Date "2016.09.03"]
[Round "9.8"]
[White "Grecny, Karol"]
[Black "Hradecky, Ivo"]
[Result "1-0"]
[WhiteElo "1934"]
[BlackElo "2051"]
[PlyCount "0"]
[EventDate "2016.09.03"]

1. e4 c5 2. Nf3 d6 3. Be2 Nc6 4. d3 g6 5. O-O Bg7 6. c3 e5 7. Nbd2 Nge7 8. Nc4
O-O 9. Ne3 d5 10. exd5 Nxd5 11. Nxd5 Qxd5 12. Qb3 Qxb3 13. axb3 Be6 14. Nd2 Rfd8
15. Nc4 b6 16. Bf3 Bd5 17. Bxd5 Rxd5 18. Nxb6 1-0

[Event "O pohar mesta Ricany 2016"]
[Site "Kulturni centrum Labut, 17. Listopadu 214 25101 Ricany"]
[Date "2016.09.03"]
[Round "9.9"]
[White "Hadrava, Jaroslav"]
[Black "Krivanek, Vladimir"]
[Result "1/2-1/2"]
[WhiteElo "1972"]
[BlackElo "2109"]
[PlyCount "0"]
[EventDate "2016.09.03"]

1. e4 b6 2. Nc3 Bb7 3. f4 e6 4. Nf3 d5 5. exd5 exd5 6. d4 Nf6 7. Bd3 Bb4 8. O-O
O-O 9. a3 Bxc3 10. bxc3 c5 11. c4 cxd4 12. Nxd4 Nc6 13. Nf3 dxc4 14. Bxc4 Qxd1
15. Rxd1 Na5 16. Bd3 Rac8 17. Bb2 Nd5 18. Be5 f6 19. Bf5 Rcd8 20. Be6+ Kh8
21. Bb8 Rxb8 22. Bxd5 Rfd8 23. c4 Ba6 24. Nd4 Bxc4 25. Bxc4 Nxc4 26. Nc6 Rxd1+
27. Rxd1 Ra8 28. a4 h6 29. Rd7 Nb2 30. a5 bxa5 31. Nxa5 a6 32. Kf2 Na4 33. Nc4
Nc5 34. Rd5 Ne4+ 35. Kf3 Nc3 36. Rc5 Nb5 37. Na5 Re8 38. Kf2 Re4 39. g3 Nd4
40. Kf1 Nf3 41. Kg2 Ne1+ 42. Kf1 Nd3 43. Rc6 Nb4 44. Rb6 Kh7 45. Nb3 Kg6 46. Nc5
Rc4 47. Nxa6 Nd3 48. Ke2 Nxf4+ 49. gxf4 Rxf4 50. Rb2 f5 51. Nc5 Kh5 52. Ke3 Rc4
53. Nd3 g5 54. Ke2 Rh4 55. Kf1 Ra4 56. Ne5 Re4 57. Nf3 g4 58. Ng1 Kg5 59. Ne2 h5
60. Rb5 h4 61. Rb8 Re7 62. Rg8+ Kf6 63. Rf8+ Ke5 64. Rh8 h3 65. Rh5 Rf7 66. Ng3
Kf4 67. Kf2 Rf8 68. Ne2+ Ke4 69. Ng3+ Kf4 70. Ne2+ Ke4 71. Ng3+ Kf4 1/2-1/2

[Event "O pohar mesta Ricany 2016"]
[Site "Kulturni centrum Labut, 17. Listopadu 214 25101 Ricany"]
[Date "2016.09.03"]
[Round "9.10"]
[White "Blumel, Otto"]
[Black "Pribyl, Jaroslav"]
[Result "1-0"]
[WhiteElo "2061"]
[BlackElo "1960"]
[PlyCount "0"]
[EventDate "2016.09.03"]

1. d4 d5 2. Nc3 c6 3. e4 dxe4 4. f3 e3 5. Bxe3 Nf6 6. Bc4 Nbd7 7. Bg5 h6 8. Bd2
e5 9. dxe5 Nh7 10. Qe2 b6 11. O-O-O Bb7 12. Bf4 Qc7 13. e6 Qc8 14. exd7+ 1-0

[Event "O pohar mesta Ricany 2016"]
[Site "Kulturni centrum Labut, 17. Listopadu 214 25101 Ricany"]
[Date "2016.09.03"]
[Round "9.11"]
[White "Steiner, Juraj"]
[Black "Vavrinec, Tomas"]
[Result "0-1"]
[WhiteElo "2044"]
[BlackElo "1994"]
[PlyCount "0"]
[EventDate "2016.09.03"]

1. c4 c5 2. Nc3 Nf6 3. e3 g6 4. Nf3 Bg7 5. d4 cxd4 6. Nxd4 Nc6 7. Be2 O-O
8. O-O Nxd4 9. exd4 d5 10. Bg5 dxc4 11. Bxc4 Qa5 12. Qd2 Qc7 13. Qe2 Bg4 14. f3
Bf5 15. Rac1 Rad8 16. Kh1 a6 17. Ne4 Qb6 18. Ng3 Bc8 19. Qxe7 Rd7 20. Qe2 Re8
21. Ne4 Nxe4 22. fxe4 Bxd4 23. Qf3 Rf8 24. Bh6 Bg7 25. Be3 Bd4 26. Bh6 Bg7
27. Be3 Bd4 28. Bxd4 Qxd4 29. Qb3 Qg7 30. h3 b5 31. Bd5 Re7 32. Qb4 Qe5 33. Rc5
Be6 34. Bb7 Qd6 35. e5 Qd3 36. Rcc1 Rxb7 37. Rfd1 Qg3 38. Qd6 Rd7 39. Qxa6 Bd5
40. Rxd5 Rxd5 41. e6 Qd6 42. exf7+ Rxf7 43. Rc8+ Kg7 0-1

[Event "O pohar mesta Ricany 2016"]
[Site "Kulturni centrum Labut, 17. Listopadu 214 25101 Ricany"]
[Date "2016.09.03"]
[Round "9.12"]
[White "Postupa, Pavel"]
[Black "Lhotsky, Zdenek"]
[Result "1-0"]
[WhiteElo "1982"]
[BlackElo "1853"]
[PlyCount "0"]
[EventDate "2016.09.03"]

1. e4 c5 2. f4 e6 3. Nf3 d5 4. exd5 exd5 5. Bb5+ Bd7 6. Qe2+ Be7 7. Nc3 Nf6
8. Ne5 O-O 9. Nxd7 Nbxd7 10. Qf3 a6 11. Be2 d4 12. Nd5 Re8 13. O-O Bd6 14. Bd3
b5 15. Bf5 Nxd5 16. Bxd7 Qxd7 17. Qxd5 Qc7 18. d3 Rad8 19. Qf3 Re6 20. Bd2 c4
21. Rae1 Rxe1 22. Rxe1 c3 23. bxc3 dxc3 24. Be3 Re8 25. Re2 h6 26. Kf2 a5 27. g3
b4 28. Qd5 a4 29. Qb5 Ra8 30. Bd4 Ra5 31. Re8+ Kh7 32. Qb6 Qxb6 33. Bxb6 Bc5+
34. Bxc5 Rxc5 35. Rb8 b3 36. axb3 a3 37. Ra8 Rh5 38. Kg2 g5 39. fxg5 Rxg5
40. Rxa3 Re5 41. Kf3 Rf5+ 42. Ke3 Rf1 43. Kd4 Rf2 44. Kxc3 Rxh2 45. b4 Rg2
46. b5 Rxg3 47. b6 Rg6 48. b7 1-0

[Event "O pohar mesta Ricany 2016"]
[Site "Kulturni centrum Labut, 17. Listopadu 214 25101 Ricany"]
[Date "2016.09.03"]
[Round "9.13"]
[White "Kunc, Jan"]
[Black "Hampel, Rudolf"]
[Result "1-0"]
[WhiteElo "1832"]
[BlackElo "1710"]
[PlyCount "0"]
[EventDate "2016.09.03"]

1. e4 c5 2. Nf3 Nc6 3. d4 cxd4 4. Nxd4 Nf6 5. Nc3 e5 6. Ndb5 Bb4 7. a3 Bxc3+
8. Nxc3 O-O 9. Bc4 Qa5 10. O-O a6 11. Be3 b5 12. Bb3 Qc7 13. Bc5 Re8 14. Bd6 Qb6
15. a4 Nd4 16. Bb4 Re7 17. Bxe7 1-0

[Event "O pohar mesta Ricany 2016"]
[Site "Kulturni centrum Labut, 17. Listopadu 214 25101 Ricany"]
[Date "2016.09.03"]
[Round "9.14"]
[White "Zvolensky, David"]
[Black "Havelka, Petr"]
[Result "1-0"]
[WhiteElo "1585"]
[BlackElo "1827"]
[PlyCount "0"]
[EventDate "2016.09.03"]

1. e4 d5 2. exd5 Qxd5 3. Nc3 Qd8 4. Bc4 Nf6 5. Nf3 Bf5 6. Ne5 e6 7. Qf3 c6
8. Nxf7 Kxf7 9. Qxf5 Qe7 10. O-O g6 11. Qh3 Nd5 12. Re1 Qd7 13. Qf3+ Kg7 14. Ne4
Be7 15. d4 Rf8 16. Qh3 h5 17. Ng5 Bxg5 18. Bxg5 Rf5 19. Bd2 b5 20. Bd3 Nf4
21. Bxf4 Rxf4 22. Qxe6 Rf6 23. Qxd7+ Nxd7 24. Re7+ Rf7 25. Rae1 Nf6 26. R7e6 Rc8
27. R1e5 Kh6 28. Rc5 1-0

[Event "O pohar mesta Ricany 2016"]
[Site "Kulturni centrum Labut, 17. Listopadu 214 25101 Ricany"]
[Date "2016.09.03"]
[Round "9.15"]
[White "Novotny, Martin"]
[Black "Otruba, Marek"]
[Result "0-1"]
[WhiteElo "1557"]
[BlackElo "1806"]
[PlyCount "0"]
[EventDate "2016.09.03"]

1. d4 Nf6 2. c4 c5 3. d5 b5 4. cxb5 a6 5. bxa6 Bxa6 6. Nc3 d6 7. Nf3 g6 8. g3
Bg7 9. Bg2 O-O 10. O-O Nbd7 11. Re1 Qb6 12. e4 Ng4 13. Bd2 Nge5 14. Nxe5 Nxe5
15. Bf1 Qxb2 16. Rb1 Qxd2 0-1

[Event "O pohar mesta Ricany 2016"]
[Site "Kulturni centrum Labut, 17. Listopadu 214 25101 Ricany"]
[Date "2016.09.03"]
[Round "9.17"]
[White "Kovar, Jan"]
[Black "Stork, Rostislav"]
[Result "1-0"]
[WhiteElo "1912"]
[BlackElo "1779"]
[PlyCount "0"]
[EventDate "2016.09.03"]

1. e4 e5 2. Nf3 Nf6 3. Nc3 Nc6 4. d4 exd4 5. Nxd4 Be7 6. Bc4 O-O 7. O-O d6
8. Nxc6 bxc6 9. Bf4 Be6 10. Qe2 Rb8 11. b3 Nd7 12. Rad1 Bf6 13. Nb1 Bg5 14. Bg3
Bh4 15. Bxe6 fxe6 16. Qg4 Bxg3 17. Qxe6+ Kh8 18. hxg3 Rb5 19. f4 Rf6 20. Qc4 Rc5
21. Qd3 Rh6 22. Rf3 Qe7 23. c4 Rch5 24. Nc3 Nc5 25. Qd4 Rh1+ 26. Kf2 R1h2 27. b4
Ne6 28. Qxa7 g5 29. f5 g4 30. Re3 Nf4 31. gxf4 Qh4+ 32. Ke2 Rxg2+ 33. Kd3 Qe7
34. Qa8+ Kg7 35. Qxc6 Rhh2 36. Ne2 h5 37. e5 dxe5 38. f6+ Qxf6 39. Qxf6+ Kxf6
40. fxe5+ Ke7 41. a4 h4 42. a5 g3 43. a6 Rf2 44. Nxg3 hxg3 45. Rxg3 Ra2 46. Rg7+
Ke6 47. Kd4 Rh4+ 48. Kc5 Kxe5 49. b5 Rc2 50. Re7+ Kf6 51. Re3 Rhxc4+ 52. Kd5
Rc5+ 53. Kd4 R2c4+ 54. Kd3 Rc3+ 55. Ke2 Rc2+ 56. Rd2 Rxd2+ 57. Kxd2 Rxb5 58. Ra3
Rb8 59. Kc3 Ke6 60. Kc4 Kd6 61. a7 Ra8 62. Kb5 Kd7 63. Kc5 Kd8 64. Kc6 Kc8
65. Ra1 1-0

[Event "O pohar mesta Ricany 2016"]
[Site "Kulturni centrum Labut, 17. Listopadu 214 25101 Ricany"]
[Date "2016.09.03"]
[Round "9.18"]
[White "Stanek, Ondrej"]
[Black "Jirousek, Tadeas"]
[Result "0-1"]
[WhiteElo "1837"]
[BlackElo "1577"]
[PlyCount "0"]
[EventDate "2016.09.03"]

1. e4 e6 2. d4 d5 3. Nd2 Nf6 4. e5 Nfd7 5. Bd3 c5 6. c3 Nc6 7. Ne2 cxd4 8. cxd4
f6 9. exf6 Nxf6 10. Nf3 Bd6 11. Bf4 Qa5+ 12. Bd2 Qc7 13. O-O O-O 14. Rc1 Bd7
15. Re1 Ne4 16. Be3 Rxf3 17. gxf3 Bxh2+ 18. Kg2 Nf6 19. Ng3 Bxg3 20. fxg3 Nh5
21. Bf2 Rf8 22. Re5 g6 23. Bb5 Qd6 24. Bxc6 Bxc6 25. Qe2 Ng7 26. g4 Qb4 27. Be3
Rf7 28. a3 Qb6 29. Qd2 Re7 30. Bg5 Re8 31. Bf6 Kf7 32. Bxg7 Kxg7 33. Rh1 Kg8
34. Kg3 Re7 35. Qe3 Bd7 36. Rxd5 Bc6 37. Qg5 Qc7+ 38. Re5 Bd5 39. Rc1 Qd7
40. Qe3 Rf7 41. f4 Qd6 42. Kh3 Qd7 43. Rg1 Qb5 44. f5 Qxb2 45. Rxd5 exd5
46. Qe8+ Kg7 47. Qe5+ Kg8 48. f6 Qxa3+ 49. Rg3 Qf8 50. Qxd5 Kh8 51. g5 h6
52. Rf3 hxg5 53. Qxg5 Qc8+ 54. Kg2 Qc2+ 55. Rf2 Qe4+ 56. Kg3 Kh7 57. Rh2+ Kg8
58. Qe5 Qd3+ 59. Kg4 Qd1+ 60. Kf4 Qf1+ 61. Kg5 Qg1+ 62. Kf4 Qxh2+ 63. Kg5 Qxe5+
64. dxe5 Kf8 65. e6 Rxf6 0-1

[Event "O pohar mesta Ricany 2016"]
[Site "Kulturni centrum Labut, 17. Listopadu 214 25101 Ricany"]
[Date "2016.09.03"]
[Round "9.19"]
[White "Paulovic, Milan"]
[Black "Chromovsky, Hynek"]
[Result "1-0"]
[WhiteElo "1821"]
[BlackElo "1724"]
[PlyCount "0"]
[EventDate "2016.09.03"]

1. d4 Nf6 2. e3 b6 3. Nf3 Bb7 4. b3 e6 5. Bb2 Be7 6. Bd3 O-O 7. Nbd2 d5 8. Qe2
Nbd7 9. O-O-O c5 10. Rde1 Ne4 11. Rhf1 f5 12. Ne5 Nxe5 13. dxe5 Nxd2 14. Qxd2 g5
15. Qe2 Qe8 16. Rd1 Rc8 17. Ba6 Ba8 18. Bb5 Qg6 19. f3 h5 20. Rd2 f4 21. Bd3 Qf7
22. e4 c4 23. bxc4 Bc5 24. Kb1 Be3 25. cxd5 exd5 26. exd5 Bxd2 27. e6 Qe7
28. Qe5 Rf6 29. Qxf6 Rf8 30. Qh8# 1-0

[Event "O pohar mesta Ricany 2016"]
[Site "Kulturni centrum Labut, 17. Listopadu 214 25101 Ricany"]
[Date "2016.09.03"]
[Round "9.20"]
[White "Sadil, Jan"]
[Black "Pivonka, Michael"]
[Result "0-1"]
[WhiteElo "1798"]
[BlackElo "1692"]
[PlyCount "0"]
[EventDate "2016.09.03"]

1. d4 d5 2. c4 c6 3. e3 Nf6 4. Nf3 Bf5 5. Qb3 Qc7 6. Nc3 e6 7. Bd2 Nbd7 8. Rc1
a6 9. cxd5 exd5 10. Nxd5 Nxd5 11. Qxd5 Bb1 12. Rxb1 cxd5 0-1

[Event "O pohar mesta Ricany 2016"]
[Site "Kulturni centrum Labut, 17. Listopadu 214 25101 Ricany"]
[Date "2016.09.03"]
[Round "9.21"]
[White "Martinec, Karel"]
[Black "Civin, Dominik"]
[Result "1/2-1/2"]
[WhiteElo "1889"]
[BlackElo "1777"]
[PlyCount "0"]
[EventDate "2016.09.03"]

1. d4 d5 2. Nf3 Nf6 3. c4 e6 4. Nc3 Nbd7 5. Bg5 c6 6. e3 Bb4 7. a3 Bxc3+
8. bxc3 Qa5 9. Qc2 Ne4 10. Bf4 Qxc3+ 11. Qxc3 Nxc3 12. Rc1 Ne4 13. Bd3 O-O
14. h3 Re8 15. O-O Nef6 16. c5 Nf8 17. Ne5 N6d7 18. Nxd7 Nxd7 19. Bg3 e5 20. Bf5
exd4 21. exd4 Nf6 22. Bd3 Bd7 23. Rb1 b5 24. cxb6 axb6 25. Rxb6 Rxa3 26. Ba6 Rc3
27. Rfb1 c5 28. dxc5 Rxc5 29. Rb8 Bc8 30. Bd3 Rc3 31. Bb5 Rd8 32. f3 Nd7
33. Bxd7 Rxd7 34. Be5 Rc2 35. R8b2 Rc6 36. Rb6 Rxb6 37. Rxb6 d4 38. Rb8 Rd8
39. Bxd4 Re8 1/2-1/2

[Event "O pohar mesta Ricany 2016"]
[Site "Kulturni centrum Labut, 17. Listopadu 214 25101 Ricany"]
[Date "2016.09.03"]
[Round "9.22"]
[White "Otrubova, Kristyna"]
[Black "Vorackova, Jarmila"]
[Result "1-0"]
[WhiteElo "1564"]
[BlackElo "1878"]
[PlyCount "0"]
[EventDate "2016.09.03"]

1. d4 Nf6 2. c4 g6 3. f3 Bg7 4. e4 d6 5. Nc3 O-O 6. Be3 e5 7. d5 c6 8. Qd2 Qe7
9. Nge2 cxd5 10. cxd5 Ne8 11. h4 f5 12. g3 Nd7 13. h5 gxh5 14. Rxh5 Ndf6 15. Rh1
fxe4 16. fxe4 Bg4 17. O-O-O Bf3 18. Rh4 Ng4 19. Bg5 Qc7 20. Kb1 Nef6 21. Bxf6
Bxf6 22. Bh3 Bxh4 23. gxh4 Kh8 24. Rf1 Bxe2 25. Qxe2 Nf6 26. Be6 a6 27. Rg1 Ne8
28. h5 Ng7 29. Bh3 h6 30. Rg6 Kh7 31. Qe3 Rf4 32. Ne2 Nxh5 33. Nxf4 exf4 34. Qg1
Ng3 35. Bf5 Nxf5 36. exf5 Rc8 37. Rxh6+ 1-0

[Event "O pohar mesta Ricany 2016"]
[Site "Kulturni centrum Labut, 17. Listopadu 214 25101 Ricany"]
[Date "2016.09.03"]
[Round "9.23"]
[White "Maslo, Ondrej"]
[Black "Hejsek, Lukas"]
[Result "1-0"]
[WhiteElo "1750"]
[BlackElo "1668"]
[PlyCount "0"]
[EventDate "2016.09.03"]

1. e4 c5 2. c3 d5 3. exd5 Qxd5 4. d4 Nc6 5. Nf3 Bg4 6. Be2 Rd8 7. Be3 e6
8. Nbd2 cxd4 9. cxd4 Nf6 10. O-O Be7 11. h3 Bh5 12. Bc4 Qd6 13. Qb3 Qb4 14. Bb5
O-O 15. Bxc6 bxc6 16. g4 Bg6 17. Ne5 Qd6 18. Rfc1 Rb8 19. Qa4 Rfc8 20. Nxc6 Ra8
21. Ne5 Qb6 22. Ndc4 Qb4 23. Qa6 Be4 24. Nd2 Rxc1+ 25. Rxc1 Bb7 26. Qc4 Rc8
27. Qxc8+ Bxc8 28. Rxc8+ Bf8 29. Ndc4 Qe7 30. Na5 Nd5 31. Nac6 Qb7 32. Rb8 Qc7
33. Bd2 f6 34. Ba5 Qd6 35. Rd8 fxe5 36. Rxd6 Bxd6 37. dxe5 Bc5 38. b4 Bf8
39. Nxa7 Nxb4 40. Bxb4 Bxb4 41. Nc6 Ba3 42. Nd8 Bb2 43. f4 Bc1 44. Nxe6 Kf7
45. f5 Bb2 46. Ng5+ Ke7 47. e6 h6 48. Ne4 1-0

[Event "O pohar mesta Ricany 2016"]
[Site "Kulturni centrum Labut, 17. Listopadu 214 25101 Ricany"]
[Date "2016.09.03"]
[Round "9.24"]
[White "Simak, Roman"]
[Black "Konvalinka, Vladislav"]
[Result "1/2-1/2"]
[WhiteElo "1650"]
[BlackElo "1696"]
[PlyCount "0"]
[EventDate "2016.09.03"]

1. d4 d5 2. c4 c6 3. cxd5 cxd5 4. Nc3 Nc6 5. Nf3 Bf5 6. Bf4 Nf6 7. e3 a6 8. Rc1
Rc8 9. Bd3 Bxd3 10. Qxd3 e6 11. O-O Bd6 12. Bxd6 Qxd6 13. a3 Rg8 14. Ne2 Na5
1/2-1/2

[Event "O pohar mesta Ricany 2016"]
[Site "Kulturni centrum Labut, 17. Listopadu 214 25101 Ricany"]
[Date "2016.09.03"]
[Round "9.25"]
[White "Hlavacek, Ondrej"]
[Black "Skrabanek, Matej"]
[Result "1-0"]
[WhiteElo "1591"]
[BlackElo "1680"]
[PlyCount "0"]
[EventDate "2016.09.03"]

1. d4 Nf6 2. f4 e5 3. dxe5 Ng4 4. Bd2 Nc6 5. Nc3 Bc5 6. e3 Qe7 7. a3 g5 8. Qe2
d6 9. exd6 cxd6 10. Qd3 O-O 11. Be2 Kh8 12. Nf3 Nh6 13. Nd5 gxf4 14. exf4 Qd8
15. O-O-O Ne7 16. Ng5 b6 17. Qc3+ 1-0

[Event "O pohar mesta Ricany 2016"]
[Site "Kulturni centrum Labut, 17. Listopadu 214 25101 Ricany"]
[Date "2016.09.03"]
[Round "9.26"]
[White "Benes, Karel"]
[Black "Pospichal, Michael"]
[Result "1/2-1/2"]
[WhiteElo "1713"]
[BlackElo "1650"]
[PlyCount "0"]
[EventDate "2016.09.03"]

1. e4 d5 2. exd5 Qxd5 3. Nc3 Qd6 4. Nf3 Nf6 5. d4 Bg4 6. Be2 c6 7. O-O Nbd7
8. Re1 e6 9. Ne5 Bxe2 10. Rxe2 Nxe5 11. dxe5 Qxd1+ 12. Nxd1 O-O-O 13. Bg5 h6
14. Bxf6 gxf6 15. exf6 Bc5 16. c3 Rhg8 17. Ne3 Rg6 18. Rd1 Rxd1+ 19. Nxd1 Rxf6
20. b4 Bb6 21. Nb2 Rf5 22. c4 a5 23. c5 Bd8 24. a3 axb4 25. axb4 Rf4 26. Nd3 Rd4
27. Rd2 b6 28. Kf1 bxc5 29. bxc5 Bg5 30. Rd1 Be7 31. Ke2 Rd5 32. Rc1 Kb7
33. Rb1+ Kc7 34. Rc1 e5 35. f3 f5 36. Ke3 Kd7 37. g3 Ke6 38. Rc4 h5 39. h3 Kf7
40. Ke2 Kg6 41. f4 e4 42. Nb4 Rxc5 43. Rxc5 Bxc5 44. Nxc6 1/2-1/2

[Event "O pohar mesta Ricany 2016"]
[Site "Kulturni centrum Labut, 17. Listopadu 214 25101 Ricany"]
[Date "2016.09.03"]
[Round "9.27"]
[White "Novotna, Tereza"]
[Black "Kuhnmund, Ivan"]
[Result "1/2-1/2"]
[WhiteElo "1566"]
[BlackElo "1709"]
[PlyCount "0"]
[EventDate "2016.09.03"]

1. d4 b6 2. c4 e6 3. Nc3 Bb7 4. e4 Bb4 5. f3 c5 6. d5 Bxc3+ 7. bxc3 d6 8. Ne2
e5 9. h4 h5 10. Bg5 f6 11. Be3 Nh6 12. Qd2 Bc8 13. Ng3 Nf7 14. Nf5 g6 15. Ng7+
Ke7 16. Ne6 Qd7 17. g3 Qb7 18. Bh3 Nd7 19. Kf2 Nf8 20. Nxf8 Rxf8 21. Rag1 Bxh3
22. Rxh3 Qd7 23. g4 Rg8 24. Rhg3 hxg4 25. fxg4 Rh8 26. Rh1 Rag8 27. Ke1 g5
28. h5 Nh6 29. Qe2 Rh7 30. Rf1 Rf7 31. Rf2 Rgf8 1/2-1/2

[Event "O pohar mesta Ricany 2016"]
[Site "Kulturni centrum Labut, 17. Listopadu 214 25101 Ricany"]
[Date "2016.09.03"]
[Round "9.28"]
[White "Palla, Ivan"]
[Black "Kucera, Josef"]
[Result "0-1"]
[WhiteElo "1553"]
[BlackElo "1716"]
[PlyCount "0"]
[EventDate "2016.09.03"]

1. Nf3 g6 2. g3 b6 3. Bg2 Bb7 4. O-O Bg7 5. d4 Nf6 6. c3 O-O 7. Bg5 h6 8. Bd2
d6 9. Na3 Qc8 10. Qc1 Kh7 11. Re1 Nbd7 12. Nc2 e5 13. Nxe5 dxe5 14. dxe5 Nh5
15. Bxb7 Qxb7 16. Nd4 Bxe5 17. f4 Bxd4+ 18. cxd4 Qd5 19. g4 Nhf6 20. h4 Qb7
21. Qc2 Nxg4 22. e4 Rfe8 23. Qc4 Rxe4 24. Rxe4 Qxe4 25. Re1 Qf3 26. Rf1 Qg3+
27. Kh1 Qh2# 0-1